| 000 | 00434cam a2200169ua 4500 | ||
|---|---|---|---|
| 020 | _c245.00 | ||
| 041 |
_aeng _h |
||
| 082 |
_a621.3813 _bRAJ/MI |
||
| 100 | _aRaju, G S N . | ||
| 245 |
_aMicrowave engineering / _cG S N Raju. _hTextual Documents |
||
| 260 |
_aNew Delhi : _bI.K International Publishing House , _c2008. |
||
| 300 |
_a433 ; _eCD. |
||
| 365 | _a245.00 | ||
| 504 | _a | ||
| 942 | _cBK | ||
| 999 |
_c13274 _d13274 |
||